[Event "DEM U10 2023"]
[Site "Willingen GER"]
[Date "2023.05.31"]
[Round "7"]
[White "Burban, Bogdan"]
[Black "Gruner, Cornelius"]
[Result "1-0"]
[Termination "normal"]
[Board "22"]
[WhiteElo "1300"]
[BlackElo "1279"]
[WhiteClock "00:11:08"]
[BlackClock "00:48:39"]
[PlyCount "105"]
[WhiteFideId "34609040"]
[BlackFideId "34616306"]
[EventCountry "GER"]
[EventRounds "11"]
[EventType "swiss"]
[EventDate "2023.05.27"]

1. d4 {[%clk 01:15:56]} {[%emt 00:00:03]} d5 {[%clk 01:15:56]} {[%emt
00:00:04]} 2. c4 {[%clk 01:16:22]} {[%emt 00:00:05]} e6 {[%clk 01:16:18]}
{[%emt 00:00:07]} 3. Nc3 {[%clk 01:16:43]} {[%emt 00:00:09]} dxc4 {[%clk
01:16:36]} {[%emt 00:00:12]} 4. e3 {[%clk 01:16:26]} {[%emt 00:00:48]} Nf6
{[%clk 01:16:09]} {[%emt 00:00:56]} 5. Bxc4 {[%clk 01:16:34]} {[%emt 00:00:22]}
Bb4 {[%clk 01:15:34]} {[%emt 00:01:05]} 6. Nf3 {[%clk 01:16:22]} {[%emt
00:00:42]} O-O {[%clk 01:15:00]} {[%emt 00:01:04]} 7. O-O {[%clk 01:16:30]}
{[%emt 00:00:21]} b6 {[%clk 01:13:46]} {[%emt 00:01:45]} 8. a3 {[%clk
01:14:16]} {[%emt 00:02:44]} Bd6 {[%clk 01:13:07]} {[%emt 00:01:08]} 9. e4
{[%clk 01:12:07]} {[%emt 00:02:40]} Be7 {[%clk 01:12:18]} {[%emt 00:01:19]} 10.
Bg5 {[%clk 01:09:13]} {[%emt 00:03:23]} Bb7 {[%clk 01:12:03]} {[%emt 00:00:46]}
11. Re1 {[%clk 01:07:58]} {[%emt 00:01:45]} Nbd7 {[%clk 01:11:31]} {[%emt
00:01:01]} 12. Rc1 {[%clk 01:06:43]} {[%emt 00:01:46]} c5 {[%clk 01:11:15]}
{[%emt 00:00:45]} 13. h3 {[%clk 00:52:31]} {[%emt 00:14:42]} Rc8 {[%clk
01:08:47]} {[%emt 00:02:58]} 14. Bb3 {[%clk 00:48:39]} {[%emt 00:04:21]} cxd4
{[%clk 01:05:02]} {[%emt 00:04:16]} 15. Nxd4 {[%clk 00:44:41]} {[%emt
00:04:28]} Nc5 {[%clk 01:02:24]} {[%emt 00:03:09]} 16. Bc2 {[%clk 00:41:03]}
{[%emt 00:04:08]} Qc7 {[%clk 00:57:40]} {[%emt 00:05:14]} 17. Ndb5 {[%clk
00:40:02]} {[%emt 00:01:31]} Qb8 {[%clk 00:57:06]} {[%emt 00:01:04]} 18. e5
{[%clk 00:38:28]} {[%emt 00:02:05]} Rcd8 {[%clk 00:53:43]} {[%emt 00:03:52]}
19. Qe2 {[%clk 00:36:20]} {[%emt 00:02:38]} Qa8 {[%clk 00:52:29]} {[%emt
00:01:44]} 20. exf6 {[%clk 00:34:16]} {[%emt 00:02:33]} Bxf6 {[%clk 00:52:45]}
{[%emt 00:00:14]} 21. Qh5 {[%clk 00:32:41]} {[%emt 00:02:05]} g6 {[%clk
00:52:42]} {[%emt 00:00:33]} 22. Qg4 {[%clk 00:32:00]} {[%emt 00:01:09]} Bxg5
{[%clk 00:52:51]} {[%emt 00:00:23]} 23. Qxg5 {[%clk 00:32:11]} {[%emt
00:00:19]} a6 {[%clk 00:51:49]} {[%emt 00:01:31]} 24. Nc7 {[%clk 00:31:37]}
{[%emt 00:01:03]} Qb8 {[%clk 00:51:46]} {[%emt 00:00:34]} 25. Qe5 {[%clk
00:30:28]} {[%emt 00:01:38]} Rd7 {[%clk 00:51:34]} {[%emt 00:00:43]} 26. Nxa6
{[%clk 00:25:15]} {[%emt 00:05:41]} Bxa6 {[%clk 00:51:35]} {[%emt 00:00:31]}
27. Qxb8 {[%clk 00:24:56]} {[%emt 00:00:49]} Rxb8 {[%clk 00:51:59]} {[%emt
00:00:06]} 28. Ne4 {[%clk 00:24:08]} {[%emt 00:01:17]} Nxe4 {[%clk 00:51:48]}
{[%emt 00:00:42]} 29. Bxe4 {[%clk 00:24:21]} {[%emt 00:00:16]} Rbd8 {[%clk
00:51:21]} {[%emt 00:00:58]} 30. Rc6 {[%clk 00:23:58]} {[%emt 00:00:52]} Rd6
{[%clk 00:50:51]} {[%emt 00:01:01]} 31. a4 {[%clk 00:22:04]} {[%emt 00:02:25]}
Rxc6 {[%clk 00:50:32]} {[%emt 00:00:48]} 32. Bxc6 {[%clk 00:22:20]} {[%emt
00:00:14]} Rd2 {[%clk 00:50:35]} {[%emt 00:00:27]} 33. b4 {[%clk 00:20:07]}
{[%emt 00:02:43]} Ra2 {[%clk 00:50:29]} {[%emt 00:00:35]} 34. Rd1 {[%clk
00:19:54]} {[%emt 00:00:42]} Bc4 {[%clk 00:50:06]} {[%emt 00:00:54]} 35. Rd8+
{[%clk 00:19:21]} {[%emt 00:01:03]} Kg7 {[%clk 00:50:05]} {[%emt 00:00:32]} 36.
Rb8 {[%clk 00:16:47]} {[%emt 00:03:04]} Ra1+ {[%clk 00:49:26]} {[%emt
00:01:09]} 37. Kh2 {[%clk 00:17:00]} {[%emt 00:00:17]} Rf1 {[%clk 00:49:37]}
{[%emt 00:00:18]} 38. Rxb6 {[%clk 00:16:07]} {[%emt 00:01:23]} Rxf2 {[%clk
00:49:54]} {[%emt 00:00:14]} 39. a5 {[%clk 00:15:26]} {[%emt 00:01:10]} Ra2
{[%clk 00:49:41]} {[%emt 00:00:42]} 40. Rb8 {[%clk 00:13:53]} {[%emt 00:02:03]}
f5 {[%clk 00:49:46]} {[%emt 00:00:26]} 41. Ra8 {[%clk 00:13:48]} {[%emt
00:00:35]} Rb2 {[%clk 00:49:53]} {[%emt 00:00:23]} 42. b5 {[%clk 00:12:59]}
{[%emt 00:01:19]} f4 {[%clk 00:49:23]} {[%emt 00:01:00]} 43. b6 {[%clk
00:12:51]} {[%emt 00:00:39]} Bd5 {[%clk 00:49:36]} {[%emt 00:00:17]} 44. Bxd5
{[%clk 00:11:59]} {[%emt 00:01:21]} exd5 {[%clk 00:49:59]} {[%emt 00:00:07]}
45. Rd8 {[%clk 00:11:05]} {[%emt 00:01:24]} Rb5 {[%clk 00:48:51]} {[%emt
00:01:39]} 46. a6 {[%clk 00:10:51]} {[%emt 00:00:44]} f3 {[%clk 00:48:23]}
{[%emt 00:00:58]} 47. gxf3 {[%clk 00:10:42]} {[%emt 00:00:39]} Rb2+ {[%clk
00:48:36]} {[%emt 00:00:17]} 48. Kg3 {[%clk 00:11:05]} {[%emt 00:00:07]} h5
{[%clk 00:48:23]} {[%emt 00:00:42]} 49. b7 {[%clk 00:10:48]} {[%emt 00:00:47]}
h4+ {[%clk 00:48:42]} {[%emt 00:00:11]} 50. Kxh4 {[%clk 00:10:56]} {[%emt
00:00:22]} Rg2 {[%clk 00:48:20]} {[%emt 00:00:53]} 51. b8=Q {[%clk 00:11:01]}
{[%emt 00:00:25]} Kh6 {[%clk 00:48:21]} {[%emt 00:00:30]} 52. Rh8+ {[%clk
00:11:21]} {[%emt 00:00:10]} Kg7 {[%clk 00:48:39]} {[%emt 00:00:11]} 53. Qf8#
{[%clk 00:11:08]} {[%emt 00:00:12]} 1-0

[Event "DEM U10 2023"]
[Site "Willingen GER"]
[Date "2023.05.31"]
[Round "7"]
[White "Hildebrand, Azat"]
[Black "Serwane, Ruben"]
[Result "0-1"]
[Termination "normal"]
[Board "23"]
[WhiteElo "1502"]
[BlackElo "1489"]
[WhiteClock "01:04:29"]
[BlackClock "01:26:29"]
[PlyCount "108"]
[WhiteFideId "34607536"]
[BlackFideId "34660232"]
[EventCountry "GER"]
[EventRounds "11"]
[EventType "swiss"]
[EventDate "2023.05.27"]

1. d4 {[%clk 01:15:57]} {[%emt 00:00:02]} d5 {[%clk 01:15:55]} {[%emt
00:00:05]} 2. Nf3 {[%clk 01:16:13]} {[%emt 00:00:13]} c5 {[%clk 01:16:20]}
{[%emt 00:00:06]} 3. e3 {[%clk 01:16:15]} {[%emt 00:00:28]} Nc6 {[%clk
01:16:38]} {[%emt 00:00:12]} 4. c3 {[%clk 01:16:17]} {[%emt 00:00:28]} Nf6
{[%clk 01:16:55]} {[%emt 00:00:12]} 5. Bd3 {[%clk 01:16:29]} {[%emt 00:00:18]}
e6 {[%clk 01:17:03]} {[%emt 00:00:22]} 6. Nbd2 {[%clk 01:16:12]} {[%emt
00:00:46]} Bd6 {[%clk 01:17:22]} {[%emt 00:00:11]} 7. O-O {[%clk 01:16:11]}
{[%emt 00:00:31]} O-O {[%clk 01:17:44]} {[%emt 00:00:08]} 8. dxc5 {[%clk
01:15:58]} {[%emt 00:00:44]} Bxc5 {[%clk 01:18:06]} {[%emt 00:00:08]} 9. b4
{[%clk 01:16:01]} {[%emt 00:00:27]} Be7 {[%clk 01:18:11]} {[%emt 00:00:25]} 10.
Bb2 {[%clk 01:15:56]} {[%emt 00:00:35]} e5 {[%clk 01:17:21]} {[%emt 00:01:20]}
11. e4 {[%clk 01:15:36]} {[%emt 00:00:50]} Be6 {[%clk 01:17:19]} {[%emt
00:00:32]} 12. b5 {[%clk 01:10:40]} {[%emt 00:05:26]} dxe4 {[%clk 01:17:21]}
{[%emt 00:00:27]} 13. Nxe4 {[%clk 01:10:22]} {[%emt 00:00:49]} Nxe4 {[%clk
01:17:36]} {[%emt 00:00:16]} 14. Bxe4 {[%clk 01:10:44]} {[%emt 00:00:08]} Qxd1
{[%clk 01:17:54]} {[%emt 00:00:13]} 15. Rfxd1 {[%clk 01:10:07]} {[%emt
00:01:07]} Na5 {[%clk 01:18:09]} {[%emt 00:00:15]} 16. Nxe5 {[%clk 01:09:19]}
{[%emt 00:01:19]} Bf6 {[%clk 01:17:39]} {[%emt 00:01:00]} 17. Re1 {[%clk
00:58:33]} {[%emt 00:11:15]} Bxe5 {[%clk 01:17:02]} {[%emt 00:01:06]} 18. Bxh7+
{[%clk 00:58:42]} {[%emt 00:00:22]} Kxh7 {[%clk 01:17:25]} {[%emt 00:00:07]}
19. Rxe5 {[%clk 00:59:05]} {[%emt 00:00:07]} Nc4 {[%clk 01:17:40]} {[%emt
00:00:15]} 20. Re2 {[%clk 00:59:02]} {[%emt 00:00:33]} Nxb2 {[%clk 01:18:02]}
{[%emt 00:00:08]} 21. Rxb2 {[%clk 00:59:00]} {[%emt 00:00:33]} Rac8 {[%clk
01:18:07]} {[%emt 00:00:24]} 22. Rc1 {[%clk 00:57:41]} {[%emt 00:01:49]} Rfd8
{[%clk 01:17:38]} {[%emt 00:01:00]} 23. Rbc2 {[%clk 00:56:48]} {[%emt
00:01:22]} Bf5 {[%clk 01:17:57]} {[%emt 00:00:11]} 24. Re2 {[%clk 00:56:49]}
{[%emt 00:00:29]} Rxc3 {[%clk 01:18:15]} {[%emt 00:00:12]} 25. Ree1 {[%clk
00:56:38]} {[%emt 00:00:41]} Rxc1 {[%clk 01:18:17]} {[%emt 00:00:27]} 26. Rxc1
{[%clk 00:57:03]} {[%emt 00:00:05]} Bc2 {[%clk 01:18:40]} {[%emt 00:00:07]} 27.
f3 {[%clk 00:56:47]} {[%emt 00:00:47]} Rd1+ {[%clk 01:19:03]} {[%emt 00:00:07]}
28. Rxd1 {[%clk 00:57:11]} {[%emt 00:00:06]} Bxd1 {[%clk 01:19:28]} {[%emt
00:00:05]} 29. Kf2 {[%clk 00:57:31]} {[%emt 00:00:10]} Bc2 {[%clk 01:19:43]}
{[%emt 00:00:15]} 30. Ke3 {[%clk 00:57:50]} {[%emt 00:00:11]} Ba4 {[%clk
01:20:06]} {[%emt 00:00:08]} 31. Kd4 {[%clk 00:58:07]} {[%emt 00:00:12]} Bxb5
{[%clk 01:20:30]} {[%emt 00:00:06]} 32. Kc5 {[%clk 00:58:30]} {[%emt 00:00:08]}
a6 {[%clk 01:20:45]} {[%emt 00:00:15]} 33. f4 {[%clk 00:58:33]} {[%emt
00:00:27]} Kg6 {[%clk 01:20:57]} {[%emt 00:00:17]} 34. g4 {[%clk 00:58:38]}
{[%emt 00:00:26]} f5 {[%clk 01:21:23]} {[%emt 00:00:05]} 35. h3 {[%clk
00:58:33]} {[%emt 00:00:35]} fxg4 {[%clk 01:21:48]} {[%emt 00:00:04]} 36. hxg4
{[%clk 00:58:59]} {[%emt 00:00:04]} Kf6 {[%clk 01:22:05]} {[%emt 00:00:14]} 37.
Kd5 {[%clk 00:59:15]} {[%emt 00:00:15]} b6 {[%clk 01:22:07]} {[%emt 00:00:27]}
38. Ke4 {[%clk 00:59:35]} {[%emt 00:00:09]} g5 {[%clk 01:22:27]} {[%emt
00:00:10]} 39. f5 {[%clk 00:59:34]} {[%emt 00:00:31]} Be2 {[%clk 01:22:47]}
{[%emt 00:00:09]} 40. Kd5 {[%clk 00:59:54]} {[%emt 00:00:10]} Bxg4 {[%clk
01:23:05]} {[%emt 00:00:13]} 41. Kc6 {[%clk 01:00:21]} {[%emt 00:00:03]} Kxf5
{[%clk 01:23:18]} {[%emt 00:00:16]} 42. Kxb6 {[%clk 01:00:42]} {[%emt
00:00:09]} Be2 {[%clk 01:23:42]} {[%emt 00:00:06]} 43. a4 {[%clk 01:01:08]}
{[%emt 00:00:05]} g4 {[%clk 01:24:07]} {[%emt 00:00:05]} 44. a5 {[%clk
01:01:34]} {[%emt 00:00:04]} g3 {[%clk 01:24:31]} {[%emt 00:00:05]} 45. Kc5
{[%clk 01:02:00]} {[%emt 00:00:04]} g2 {[%clk 01:24:53]} {[%emt 00:00:07]} 46.
Kd5 {[%clk 01:02:17]} {[%emt 00:00:13]} g1=Q {[%clk 01:25:08]} {[%emt
00:00:15]} 47. Kd6 {[%clk 01:02:38]} {[%emt 00:00:11]} Qd4+ {[%clk 01:25:31]}
{[%emt 00:00:07]} 48. Kc6 {[%clk 01:02:58]} {[%emt 00:00:10]} Bb5+ {[%clk
01:25:54]} {[%emt 00:00:07]} 49. Kc7 {[%clk 01:03:13]} {[%emt 00:00:15]} Qd7+
{[%clk 01:26:18]} {[%emt 00:00:05]} 50. Kb6 {[%clk 01:03:21]} {[%emt 00:00:22]}
Qd6+ {[%clk 01:26:34]} {[%emt 00:00:14]} 51. Kb7 {[%clk 01:03:43]} {[%emt
00:00:08]} Qc6+ {[%clk 01:25:22]} {[%emt 00:01:42]} 52. Kb8 {[%clk 01:03:44]}
{[%emt 00:00:29]} Qd7 {[%clk 01:25:41]} {[%emt 00:00:10]} 53. Ka8 {[%clk
01:04:06]} {[%emt 00:00:09]} Bc6+ {[%clk 01:26:06]} {[%emt 00:00:06]} 54. Kb8
{[%clk 01:04:29]} {[%emt 00:00:07]} Qb7# {[%clk 01:26:29]} {[%emt 00:00:05]}
0-1

[Event "DEM U10 2023"]
[Site "Willingen GER"]
[Date "2023.05.31"]
[Round "7"]
[White "Wüstenberg, Benjamin"]
[Black "Döscher, Rasmus"]
[Result "0-1"]
[Termination "normal"]
[Board "24"]
[WhiteElo "1343"]
[BlackElo "1049"]
[WhiteClock "00:44:57"]
[BlackClock "00:25:00"]
[PlyCount "99"]
[WhiteFideId "34660259"]
[BlackFideId "34625038"]
[EventCountry "GER"]
[EventRounds "11"]
[EventType "swiss"]
[EventDate "2023.05.27"]

1. e4 {[%clk 01:15:59]} e5 {[%clk 01:15:54]} {[%emt 00:00:07]} 2. Nf3 {[%clk
01:16:26]} {[%emt 00:00:03]} Nc6 {[%clk 01:16:12]} {[%emt 00:00:11]} 3. Bc4
{[%clk 01:16:52]} {[%emt 00:00:04]} h6 {[%clk 01:16:19]} {[%emt 00:00:23]} 4.
d3 {[%clk 01:16:49]} {[%emt 00:00:33]} Nf6 {[%clk 01:16:15]} {[%emt 00:00:34]}
5. Nc3 {[%clk 01:17:08]} {[%emt 00:00:11]} Bb4 {[%clk 01:15:58]} {[%emt
00:00:47]} 6. O-O {[%clk 01:17:26]} {[%emt 00:00:13]} O-O {[%clk 01:15:22]}
{[%emt 00:01:06]} 7. a3 {[%clk 01:17:36]} {[%emt 00:00:20]} Bxc3 {[%clk
01:10:40]} {[%emt 00:05:12]} 8. bxc3 {[%clk 01:18:01]} {[%emt 00:00:05]} d6
{[%clk 01:10:00]} {[%emt 00:01:10]} 9. h3 {[%clk 01:14:33]} {[%emt 00:03:58]}
Bd7 {[%clk 01:08:46]} {[%emt 00:01:44]} 10. Be3 {[%clk 01:13:56]} {[%emt
00:01:06]} Re8 {[%clk 01:04:53]} {[%emt 00:04:22]} 11. Qd2 {[%clk 01:13:46]}
{[%emt 00:00:40]} Ne7 {[%clk 01:00:51]} {[%emt 00:04:32]} 12. Nh4 {[%clk
01:11:37]} {[%emt 00:02:39]} Nc6 {[%clk 00:53:46]} {[%emt 00:07:36]} 13. f4
{[%clk 00:57:20]} {[%emt 00:14:47]} Nxe4 {[%clk 00:48:46]} {[%emt 00:05:30]}
14. dxe4 {[%clk 00:57:43]} {[%emt 00:00:07]} Qxh4 {[%clk 00:48:56]} {[%emt
00:00:19]} 15. fxe5 {[%clk 00:58:00]} {[%emt 00:00:13]} Nxe5 {[%clk 00:48:36]}
{[%emt 00:00:50]} 16. Bb3 {[%emt 00:03:19]} Qxe4 {[%clk 00:45:51]} {[%emt
00:03:13]} 17. Bd4 {[%clk 00:55:04]} {[%emt 00:00:40]} Be6 {[%clk 00:44:56]}
{[%emt 00:01:24]} 18. Bxe5 {[%clk 00:55:06]} {[%emt 00:00:29]} Qxe5 {[%clk
00:44:20]} {[%emt 00:01:05]} 19. Rae1 {[%clk 00:55:14]} {[%emt 00:00:22]} Qg5
{[%clk 00:42:23]} {[%emt 00:02:27]} 20. Qxg5 {[%clk 00:52:57]} {[%emt
00:02:47]} hxg5 {[%clk 00:42:39]} {[%emt 00:00:14]} 21. Kf2 {[%clk 00:53:17]}
{[%emt 00:00:10]} Bxb3 {[%clk 00:42:24]} {[%emt 00:00:46]} 22. cxb3 {[%clk
00:53:41]} {[%emt 00:00:06]} f6 {[%clk 00:42:08]} {[%emt 00:00:46]} 23. Kf3
{[%clk 00:53:42]} {[%emt 00:00:29]} Kf7 {[%clk 00:41:40]} {[%emt 00:00:57]} 24.
Re4 {[%clk 00:54:01]} {[%emt 00:00:12]} Rxe4 {[%clk 00:41:12]} {[%emt
00:00:57]} 25. Kxe4 {[%clk 00:54:27]} {[%emt 00:00:04]} Re8+ {[%clk 00:41:22]}
{[%emt 00:00:20]} 26. Kd3 {[%clk 00:54:44]} {[%emt 00:00:14]} Re5 {[%clk
00:40:54]} {[%emt 00:00:58]} 27. c4 {[%clk 00:54:40]} {[%emt 00:00:34]} c5
{[%clk 00:34:00]} {[%emt 00:07:24]} 28. b4 {[%emt 00:00:34]} b6 {[%clk
00:32:50]} {[%emt 00:01:39]} 29. Rb1 {[%clk 00:54:51]} {[%emt 00:00:16]} Ke6
{[%clk 00:31:45]} {[%emt 00:01:34]} 30. Rd1 {[%clk 00:45:47]} {[%emt 00:09:34]}
g6 {[%clk 00:28:11]} {[%emt 00:04:04]} 31. Rf1 {[%clk 00:45:12]} {[%emt
00:01:06]} f5 {[%clk 00:25:56]} {[%emt 00:02:45]} 32. g4 {[%clk 00:43:04]}
{[%emt 00:02:37]} f4 {[%clk 00:25:12]} {[%emt 00:01:14]} 33. bxc5 {[%clk
00:40:56]} {[%emt 00:02:38]} dxc5 {[%clk 00:25:22]} {[%emt 00:00:21]} 34. Kc3
{[%clk 00:40:03]} {[%emt 00:01:23]} Re3+ {[%clk 00:25:25]} {[%emt 00:00:27]}
35. Kb2 {[%clk 00:40:26]} {[%emt 00:00:07]} Rxh3 {[%clk 00:25:23]} {[%emt
00:00:32]} 36. Re1+ {[%clk 00:40:48]} {[%emt 00:00:10]} Re3 {[%clk 00:25:16]}
{[%emt 00:00:36]} 37. Rg1 {[%clk 00:40:39]} {[%emt 00:00:38]} f3 {[%clk
00:25:24]} {[%emt 00:00:22]} 38. Kc2 {[%clk 00:41:05]} {[%emt 00:00:05]} Ke5
{[%clk 00:24:59]} {[%emt 00:00:54]} 39. Kd2 {[%clk 00:41:29]} {[%emt 00:00:06]}
Ke4 {[%clk 00:24:42]} {[%emt 00:00:47]} 40. Rg3 {[%clk 00:41:32]} {[%emt
00:00:27]} Re2+ {[%clk 00:24:36]} {[%emt 00:00:36]} 41. Kd1 {[%clk 00:41:55]}
{[%emt 00:00:07]} Ke3 {[%clk 00:24:42]} {[%emt 00:00:24]} 42. a4 {[%clk
00:42:16]} {[%emt 00:00:09]} Kf2 {[%clk 00:24:41]} {[%emt 00:00:31]} 43. Rh3
{[%clk 00:42:25]} {[%emt 00:00:21]} Kg2 {[%clk 00:24:33]} {[%emt 00:00:34]} 44.
Rh8 {[%clk 00:42:31]} {[%emt 00:00:27]} f2 {[%clk 00:24:18]} {[%emt 00:00:46]}
45. Rf8 {[%clk 00:42:46]} {[%emt 00:00:14]} f1=Q+ {[%clk 00:24:30]} {[%emt
00:00:19]} 46. Rxf1 {[%clk 00:43:11]} Kxf1 {[%clk 00:24:42]} {[%emt 00:00:22]}
47. Kc1 {[%clk 00:43:39]} {[%emt 00:00:02]} Re4 {[%clk 00:24:58]} {[%emt
00:00:13]} 48. Kd2 {[%clk 00:44:06]} {[%emt 00:00:04]} Rxg4 {[%clk 00:24:52]}
{[%emt 00:00:36]} 49. Kd3 {[%clk 00:44:32]} {[%emt 00:00:04]} Rf4 {[%clk
00:25:00]} {[%emt 00:00:22]} 50. Ke3 {[%clk 00:44:57]} {[%emt 00:00:05]} 0-1

[Event "DEM U10 2023"]
[Site "Willingen GER"]
[Date "2023.05.31"]
[Round "7"]
[White "Rusch, Levi Adrian"]
[Black "Weibrecht, Theo"]
[Result "1-0"]
[Termination "normal"]
[Board "25"]
[WhiteElo "1151"]
[BlackElo "1170"]
[WhiteClock "01:15:33"]
[BlackClock "01:07:07"]
[PlyCount "39"]
[WhiteFideId "34660224"]
[BlackFideId "34660240"]
[EventCountry "GER"]
[EventRounds "11"]
[EventType "swiss"]
[EventDate "2023.05.27"]

1. d4 {[%clk 01:15:57]} {[%emt 00:00:03]} d5 {[%clk 01:15:53]} {[%emt
00:00:07]} 2. Nc3 {[%clk 01:16:21]} {[%emt 00:00:06]} Nf6 {[%clk 01:16:15]}
{[%emt 00:00:08]} 3. Bf4 {[%clk 01:16:43]} {[%emt 00:00:08]} a6 {[%clk
01:16:37]} {[%emt 00:00:09]} 4. e3 {[%clk 01:17:05]} {[%emt 00:00:08]} Nc6
{[%clk 01:16:33]} {[%emt 00:00:34]} 5. Nf3 {[%clk 01:17:25]} {[%emt 00:00:10]}
Bf5 {[%clk 01:16:28]} {[%emt 00:00:34]} 6. Bd3 {[%clk 01:17:37]} {[%emt
00:00:18]} Bd7 {[%clk 01:16:06]} {[%emt 00:00:51]} 7. Ne5 {[%clk 01:17:47]}
{[%emt 00:00:21]} e6 {[%clk 01:14:21]} {[%emt 00:02:15]} 8. Qf3 {[%emt
00:01:11]} Bb4 {[%emt 00:01:20]} 9. a3 {[%clk 01:15:23]} {[%emt 00:00:25]}
Bxc3+ {[%clk 01:14:31]} {[%emt 00:00:13]} 10. bxc3 {[%clk 01:15:51]} {[%emt
00:00:08]} Qe7 {[%clk 01:11:52]} {[%emt 00:03:07]} 11. O-O {[%clk 01:14:34]}
{[%emt 00:01:49]} O-O-O {[%clk 01:11:28]} {[%emt 00:00:47]} 12. Qe2 {[%clk
01:14:26]} {[%emt 00:00:45]} Nxe5 {[%clk 01:10:22]} {[%emt 00:01:05]} 13. Bxe5
{[%clk 01:14:36]} {[%emt 00:00:50]} b5 {[%clk 01:10:09]} {[%emt 00:00:44]} 14.
a4 {[%clk 01:14:41]} {[%emt 00:00:25]} Bc6 {[%clk 01:09:39]} {[%emt 00:00:56]}
15. axb5 {[%clk 01:15:00]} {[%emt 00:00:15]} axb5 {[%clk 01:09:28]} {[%emt
00:00:33]} 16. Bxb5 {[%clk 01:15:24]} {[%emt 00:00:12]} Qd7 {[%clk 01:08:32]}
{[%emt 00:01:25]} 17. Ba6+ {[%clk 01:15:11]} {[%emt 00:00:46]} Kb8 {[%clk
01:08:06]} {[%emt 00:00:51]} 18. Rfb1+ {[%clk 01:15:29]} {[%emt 00:00:16]} Ka7
{[%clk 01:07:03]} {[%emt 00:01:33]} 19. Bc8+ {[%clk 01:15:44]} {[%emt
00:00:16]} Ba4 {[%clk 01:07:07]} {[%emt 00:00:21]} 20. Qa6# {[%clk 01:15:33]}
{[%emt 00:00:15]} 1-0

[Event "DEM U10 2023"]
[Site "Willingen GER"]
[Date "2023.05.31"]
[Round "7"]
[White "König, Lian"]
[Black "Franke, Moritz"]
[Result "1/2-1/2"]
[Termination "normal"]
[Board "26"]
[WhiteElo "924"]
[BlackElo "1141"]
[WhiteClock "00:50:00"]
[BlackClock "01:01:16"]
[PlyCount "40"]
[WhiteFideId "34660216"]
[BlackFideId "34629475"]
[EventCountry "GER"]
[EventRounds "11"]
[EventType "swiss"]
[EventDate "2023.05.27"]

1. e4 {[%clk 01:15:58]} {[%emt 00:00:01]} c5 {[%clk 01:15:56]} {[%emt
00:00:04]} 2. Nc3 {[%clk 01:16:23]} {[%emt 00:00:06]} Nc6 {[%clk 01:16:19]}
{[%emt 00:00:06]} 3. d3 {[%clk 01:16:45]} {[%emt 00:00:08]} d6 {[%clk
01:16:26]} {[%emt 00:00:23]} 4. g3 {[%clk 01:16:56]} {[%emt 00:00:18]} g6
{[%clk 01:16:49]} {[%emt 00:00:07]} 5. Bg2 {[%clk 01:17:13]} {[%emt 00:00:13]}
Bg7 {[%clk 01:17:09]} {[%emt 00:00:11]} 6. f4 {[%clk 01:17:07]} {[%emt
00:00:35]} e6 {[%clk 01:16:57]} {[%emt 00:00:43]} 7. Nf3 {[%clk 01:16:20]}
{[%emt 00:01:16]} Nge7 {[%clk 01:17:06]} {[%emt 00:00:20]} 8. Bd2 {[%clk
01:15:19]} {[%emt 00:01:31]} O-O {[%clk 01:15:30]} {[%emt 00:02:07]} 9. Qe2
{[%clk 01:15:02]} {[%emt 00:00:47]} Bd7 {[%clk 01:14:48]} {[%emt 00:01:11]} 10.
O-O-O {[%clk 01:12:57]} {[%emt 00:02:35]} Qb6 {[%clk 01:14:10]} {[%emt
00:01:08]} 11. a3 {[%clk 01:05:41]} {[%emt 00:07:46]} Nd4 {[%clk 01:11:53]}
{[%emt 00:02:48]} 12. Qf2 {[%clk 01:02:39]} {[%emt 00:03:30]} Nxf3 {[%clk
01:09:52]} {[%emt 00:02:33]} 13. Bxf3 {[%clk 01:02:00]} {[%emt 00:01:07]} d5
{[%clk 01:09:24]} {[%emt 00:01:00]} 14. e5 {[%clk 01:02:06]} {[%emt 00:00:24]}
d4 {[%clk 01:08:38]} {[%emt 00:01:15]} 15. Ne4 {[%clk 01:01:26]} {[%emt
00:01:10]} f5 {[%clk 01:06:27]} {[%emt 00:02:42]} 16. exf6 {[%clk 00:57:13]}
{[%emt 00:04:43]} Bxf6 {[%emt 00:00:57]} 17. Nxf6+ {[%clk 00:57:24]} {[%emt
00:00:03]} Rxf6 {[%clk 01:06:38]} {[%emt 00:00:07]} 18. h4 {[%clk 00:52:46]}
{[%emt 00:05:08]} Bc6 {[%clk 01:01:06]} {[%emt 00:06:02]} 19. Bxc6 {[%clk
00:51:00]} {[%emt 00:02:14]} bxc6 {[%clk 01:01:22]} {[%emt 00:00:15]} 20. h5
{[%clk 00:50:00]} {[%emt 00:01:30]} Rb8 {[%clk 01:01:16]} {[%emt 00:00:36]}
1/2-1/2